Κάλαντα παινέματα

Αποθηκεύτηκε σε:
Λεπτομέρειες βιβλιογραφικής εγγραφής
Άλλοι συγγραφείς: Αναγνωστόπουλος, Βασίλειος Δ., 1941- (Συντάκτης), Θειοπούλου, Μαρία (Εικονογράφος)
Μορφή: Βιβλίο
Γλώσσα:Greek
Δημοσίευση: Αθήνα : Καστανιώτης, 1995.
Σειρά:Από τη λαϊκή μας παράδοση (Καστανιώτης) ; 4
Θέματα:
Ετικέτες: Προσθήκη ετικέτας
Δεν υπάρχουν, Καταχωρήστε ετικέτα πρώτοι!

MARC

LEADER 00000cam a2200000 i 4500
001 1/26514
008 020820s1995 gr | ||| |||| ||gre||
020 |a 9600311242 
035 |l 10068268 
040 |a GR-MY-UA  |b gre  |e aacr 
041 0 |a gre 
082 7 |a 398.8709495   |2 (22) 
245 0 0 |a Κάλαντα παινέματα /   |c επιλογή Β.Δ. Ανανγνωστόπουλος ; εικόνες Μαρία Θειοπούλου.  
260 |a Αθήνα :   |b Καστανιώτης,   |c 1995. 
300 |a 28 σ. ;   |c 24 εκ.  
490 1 |a (Από τη λαϊκή μας παράδοση / Καστανιώτης ;   |v  4) 
650 0 0 |a Folk songs, Greek. 
700 1 |a Αναγνωστόπουλος, Βασίλειος Δ.,   |d 1941-  |e com 
700 1 |a Θειοπούλου, Μαρία,  |e ill 
830 0 |a Από τη λαϊκή μας παράδοση (Καστανιώτης)  |v  ; 4 
852 |a INST  |b RHODES  |e 20020820  |h 398.8709495 ΚΑΛ  |p 005400015625  |q 005400015625  |t BK  |y 0 
901 |a BIBL4-2002-2 
909 |a Ρ  |b 053276 
922 |a 4ΕΛΗ  |b 199801  |c ΚΠΣ/ΔΕ  |d EMVASIS 
970 |a ΚΟΥΛΑΚΙΟΤΗ  |b ΛΙΤΣΑ  |z 2002/08/20